[Event "EU-ch 19th"]
[Site "Batumi"]
[Date "2018.03.20"]
[Round "4"]
[White "Kalashian, David"]
[Black "Stupak, Kirill"]
[Result "0-1"]
[WhiteElo "2399"]
[BlackElo "2541"]
[Annotator "Meulders,R"]
[PlyCount "86"]
[EventDate "2018.03.17"]
[EventType "swiss"]
[EventRounds "11"]
[EventCountry "GEO"]
[SourceTitle "CBM 184"]
[Source "ChessBase"]
[SourceDate "2018.05.16"]
[SourceVersion "1"]
[SourceVersionDate "2018.05.16"]
[SourceQuality "1"]

1. d4 Nf6 2. c4 b6 3. Nc3 Bb7 4. d5 {Of course there are alternatives here.
The text is the most principled move, trying to hem in the bishop on b7.
However, from an early stage on, Black now has a target to focus on and White
won't be able to keep the outpost as the game progresses.} e6 5. a3 c6 {
Of the 15 moves that have been played in this position,this is a very rare
choice. It's the most direct challenge to the advanced pawn on d5 at this
early stage.} (5... exd5 {is the most-played move. Two examples at higher
level:} 6. cxd5 g6 7. g3 Bg7 8. Bg2 O-O 9. Nh3 Na6 10. O-O Nc5 11. Rb1 (11. Qc2
a5 12. Be3 d6 13. a4 $2 {A most bizarre and illogical move.} (13. b4 $11) 13...
Na6 14. Rfd1 Nb4 15. Qb3 Re8 16. Bd4 h5 17. Nf4 h4 18. Rac1 Nd7 19. Bxg7 Kxg7
20. Qc4 Nc5 21. Ne4 Qe7 $15 {0-1 (42) Stefansson,H (2602)-Shabalov,A (2522)
Berlin 2015}) 11... Re8 12. b4 Nfe4 13. Na2 Na6 14. Bb2 Bxb2 15. Rxb2 c6 16.
Nf4 Nc7 {forcing White to exchange the lone soldier on d5.} 17. dxc6 dxc6 18.
Qc2 Qf6 19. Rb3 Nb5 20. e3 Nbd6 $2 (20... Qf5 21. g4 Qe5 22. Rd1 Nbd6 $11) 21.
Nc3 $14 c5 $2 22. Nfd5 $1 $16 {The decisive blow.} Qe5 (22... Qf5 23. Rd1 Re5
24. g4 Qe6) 23. Bxe4 Nxe4 24. Qxe4 $1 Qxe4 25. Nxe4 {1-0 (25) Swiercz,D (2620)
-Ehlvest,J (2535) Berlin 2015. Black didn't feel like testing White's skill in
converting an endgame with rook against bishop into a win after 25...Rxe4 26.
Nf6+ and 27.Nxe4.}) 6. e4 {Now Black has to do something about the double
advance e5-d6, stifling his position.} exd5 (6... Qe7 $6 {is not so good. The
queen makes 7.e5 impossible because of ...exd5, but it is misplaced on e7.} 7.
Be2 d6 8. Nf3 g6 9. O-O Bg7 10. dxe6 fxe6 11. e5 dxe5 12. Nxe5 O-O 13. Bf3 c5
14. Bg5 $16 Na6 15. Qe2 Bxf3 16. Qxf3 (16. Nxf3 $16) 16... Qd6 17. Qe2 Nd7 18.
Nxd7 Qxd7 19. Rad1 Bd4 20. Nb5 Rae8 21. Nxd4 cxd4 22. b4 $2 (22. f4 $1 $16 {
prevents the supportive ...e5 and with the Na6 being out of play, Black is
clearly worse.}) 22... e5 $11 {0-1 (62) Iljin,T (2397)-Kovalenko,I (2465)
Alushta 2009}) 7. exd5 Bd6 8. Nf3 O-O {After a transposition of moves, a
well-known position has been reached, with Black having played ...c6 at a
later moment.} 9. Be2 cxd5 {Taking the bull by the horns. Now White has to
keep a constant watch on the weakling at d5.} (9... Na6 10. O-O Nc7 11. Nd4
cxd5 12. Bf3 Re8 13. cxd5 Qb8 14. Nf5 Be5 15. Bg5 Bxh2+ 16. Kh1 Re5 17. Nh6+
gxh6 18. Bxf6 Rf5 19. Bh4 Be5 20. Be4 Rf4 21. Bg3 Rxe4 22. Nxe4 Nxd5 23. Qg4+
Kh8 24. Rfe1 (24. Qf5 $18) 24... Bxg3 25. Nxg3 $16 {1-0 (43) Gyimesi,Z (2602)
-Speelman,J (2539) Gibraltar 2006}) 10. cxd5 Re8 11. O-O Na6 $11 {Heading for
either c5 or c7, depending on White's next move.} 12. Bg5 {It's logical to pin
one of the attackers of the pawn on d5, but the alternative 12.b4 certainly
looks as appealing to me to try and get an advantage for White, especially
since on c5 the knight has more active prospects than on c7.} (12. b4 $5 Nc7
13. Bc4 Ng4 14. Bg5 $1 f6 15. Bh4 Ne5 16. Bb3 Ba6 17. Re1 Nb5 18. Ne4 Nxf3+ 19.
gxf3 $6 (19. Qxf3 $1 Nd4 20. Qd1 Nxb3 21. Qxb3 Be5 22. Rad1 Rc8 23. b5 Bb7 24.
d6+ Kh8 {leads to a complicated position, e.g.} 25. f4 Bxf4 26. Nxf6 $1 Re5 $1
27. Qf7 $1 Be4 $5 (27... Be3+ 28. Rxe3 Rxe3 29. Nh5 Qg8 30. Qxd7 Re4 31. Bg3
Ba8 32. Qxg7+ Qxg7 33. Nxg7 Kxg7 34. d7 Rd8 35. Bc7 Re1+ 36. Rxe1 Rxd7 37. Bb8
Kf6 38. Kf2 $14) 28. Qxd7 Bc2 29. Qxd8+ Rxd8 30. Rxe5 $14 {This is just one
line; various earlier deviations are possible.}) 19... Be5 20. d6+ Kh8 21. Rc1
Rc8 22. Rxc8 Qxc8 $15 23. f4 Bxf4 24. Nxf6 Rxe1+ 25. Qxe1 Nd4 26. Bd5 Ne2+ $19
{1/2-1/2 (76) Grabliauskas,V (2322)-Khodashenas,M (2393) Rasht 2016}) 12... h6
13. Bh4 Nc5 (13... Rc8 14. Nd4 Nc5 15. Nf5 Bf8 16. b4 Nce4 17. Nxe4 Rxe4 18.
Bd3 Re8 19. Ne3 g5 20. Bg3 Nxd5 21. Nxd5 Bxd5 22. Bh7+ Kxh7 23. Qxd5 Qe7 24.
Rad1 a5 25. bxa5 bxa5 26. Qxa5 Qxa3 27. Qf5+ Kg8 28. Rxd7 Qb3 {1/2-1/2 (28)
Petrosian,T-Planinc,A Moscow (Russia) 1975}) 14. Nb5 (14. Nd4 Be5 15. Bc4 Qb8
16. f4 Bxd4+ (16... Bxf4 $2 17. Bxf6 Bxh2+ 18. Kh1 Be5 19. Qg4 Bxf6 20. Rxf6
Qe5 21. Rxh6 $18) 17. Qxd4 Nfe4 18. b4 Nxc3 19. bxc5 Ne4 20. c6 dxc6 21. dxc6
Bxc6 22. Bxf7+ Kxf7 23. Qc4+ Kf8 24. Qxc6 Qc8 $11 {1/2-1/2 (42) Knaak,R (2565)
-Planinc,A Polanica Zdroj 1979}) 14... Nce4 (14... Bb8 15. d6 Bc6 16. Rc1 a6
17. Nc7 Bxc7 18. dxc7 Qxc7 19. Bxf6 gxf6 20. Nd4 Qf4 $11) 15. Nxd6 Nxd6 16. Bd3
$6 (16. Rc1 $1 g5 17. Bg3 Nfe4 18. Bxd6 Nxd6 19. Re1 Qf6 20. Qd2 $11) 16...
Bxd5 17. Bb1 $2 (17. Rc1 $1 Bb7 18. Re1 Rxe1+ 19. Qxe1 Bxf3 20. gxf3 Rc8 21.
Bg3 Nde8 22. Rxc8 Qxc8 23. Kg2 $15 {Black is a pawn up, but it would take a
lotof hard work to convert this advantage into a win, if at all.}) 17... Bxf3 (
17... Nc4 $5 18. Bxf6 Bxf3 19. Qxf3 Qxf6 20. Qd3 d5 $15) 18. Qxf3 Nc4 19. Qf5
Nd2 $6 (19... d5 $1 $15) 20. Rd1 $2 {This misses an excellent opportunity to
equalise.} (20. Bc2 $1 Nxf1 21. Bxf6 Qxf6 22. Qh7+ Kf8 23. Qh8+ Ke7 24. Re1+
Kd6 25. Rxe8 Rxe8 26. Qxe8 Qxb2 27. Qe4 Qc1 28. Qd4+ Kc7 29. Qe5+ Kc8 30. Qe8+
Kc7 31. Qe5+ Kb7 32. Qe4+ $11) 20... Nb3 21. Ra2 $2 {This passive move must be
the final mistake. White could still have put up a fight.} (21. Bxf6 $1 Qxf6
22. Qh7+ Kf8 23. Bd3 Nxa1 24. Qh8+ Ke7 25. Re1+ Kd6 26. Rxe8 Rxe8 27. Qxe8 Nb3
28. Bc4 Qf5 29. Bf1 Nd2 $15 30. Qf8+ Kd5 31. Qa8+ Ke5 32. Qxa7 Nxf1 33. Qc7+
Kd5 34. Qb7+ Kc4 $15) 21... Rc8 22. f3 Qe7 $17 23. h3 (23. Qd3 $17) 23... Qe3+
(23... Rc1 24. Rxc1 Nxc1 25. Ra1 Nb3 26. Ra2 Nd4) 24. Kh2 Rc5 25. Qd3 Qxd3 26.
Bxd3 Rc1 27. Rf1 Nd5 $19 28. Bb5 Rxf1 $6 (28... Nc7 $1 $19) 29. Bxf1 Ne3 30.
Bb5 Nc2 31. Bxd7 Re2 32. Bb5 Rd2 33. Bg3 g5 $1 $19 (33... Nc1 $2 34. Bf4 Rd1
35. Bxc1 Rxc1 36. b4 $15) 34. Be5 Nc1 35. Bc3 Rd8 36. Bc4 Rc8 37. Bd2 Nxa2 38.
Bxa2 Nxa3 $1 39. h4 Nc4 40. Bc3 Nxb2 $1 {Funny: the same motif as two moves
earlier; Black always picks up a bishop if the knight is taken.} 41. Bf6 gxh4
42. Bxh4 b5 43. Bf6 Nc4 {Of course White played with a rook offside for much
of the game but apart from that, it's rare to see a game in which the two
bishops are so dominated by the knights.} 0-1

[Event "American Continental 2nd"]
[Site "Buenos Aires"]
[Date "2003.08.27"]
[Round "9"]
[White "Gulko, Boris F"]
[Black "Vasquez Schroder, Rodrigo Rafael"]
[Result "1/2-1/2"]
[WhiteElo "2583"]
[BlackElo "2514"]
[Annotator "Meulders,R"]
[PlyCount "54"]
[EventDate "2003.08.17"]
[EventType "swiss"]
[EventRounds "11"]
[EventCountry "ARG"]
[SourceTitle "CBM 097"]
[Source "ChessBase"]
[SourceDate "2003.11.11"]
[SourceVersion "1"]
[SourceVersionDate "2003.11.11"]
[SourceQuality "1"]

1. c4 Nf6 2. d4 c6 3. Bf4 d6 4. Nc3 Bf5 5. Nf3 Nbd7 6. e3 Qb6 {Nach nur 6
Zügen eine ungewöhnliche Stellung. Der Textzug ist natürlich aggressiver als
die Alternativen.} (6... Qa5 7. Qd2 (7. Bd3 Bxd3 8. Qxd3 e5 9. b4 Qxb4 (9...
Qa3 10. dxe5 dxe5 11. Nxe5 Bxb4 12. Ke2 Qb2+ 13. Kf3 Qxc3 14. Qf5 g6 15. Qg5 h6
16. Qg3 Nh5 17. Qg4 Qxe5 18. Qxd7+ Kxd7 19. Bxe5 f6 20. Bd4 Bd6 21. Rhd1 Kc7
22. h4 Be5 23. Bxe5+ fxe5 24. Ke4 Nf6+ 25. Kxe5 Ng4+ 26. Ke6 Rae8+ 27. Kf7 Ne5+
28. Kg7 Rhf8 29. f3 Rf7+ 30. Kxh6 Rh8+ {0-1 Berntsen,S-Jensen,J/Aarhus 1991/
EXT 98 (30)}) 10. dxe5 dxe5 11. Nxe5 Nc5 12. Qc2 Nfe4 13. Rc1 f6 14. Nf3 Nxc3
15. O-O N3e4 16. Nd4 Bd6 17. Rb1 {0-1 Bilyap,S-Gheorghiu,F/Vrnjacka Banja 1967/
EXT 98 (17)}) 7... e5 8. Bg3 Be7 9. e4 {[%csl Ra5]} Bg6 10. Bd3 O-O 11. O-O
Rfe8 12. Rfe1 Bf8 13. d5 Nc5 14. Bc2 Qb4 15. dxc6 bxc6 16. b3 $14 {0-1 De
Oliveira,W-De Freitas,M/Fortaleza 1951/EXT 2001 (40)}) (6... Nh5 7. Bg3 Nxg3 ({
Auch hier ist} 7... Qb6 {möglich, z.B.} 8. Qd2 Bg4 9. Be2 Bxf3 10. Bxf3 Nxg3
11. hxg3 e5 12. O-O-O Be7 13. Bg4 Nf6 14. Bf5 Rd8 15. Kb1 g6 16. Bc2 h5 $14) 8.
hxg3 e5 9. Bd3 Bxd3 10. Qxd3 g6 11. e4 Qe7 12. d5 c5 {[%csl Rd7]} 13. g4 Bg7
14. Qe2 a6 15. g3 Bf6 16. Qd2 Bg7 $14 {0-1 Schmid-Fraunschiel,U/Moscow 1994/
EXT 99 (35)}) (6... Ne4 7. Nxe4 Bxe4 8. Be2 Qa5+ 9. Qd2 Qxd2+ 10. Kxd2 f6 11.
h3 e5 12. Bh2 Be7 $11 {0-1 Hauser,A-Max,A/Waldshut 2002/EXT 2003 (48)}) 7. Qd2
Ne4 8. Nxe4 Bxe4 9. Be2 a5 $6 ({Interessant ist} 9... e5 $5 10. Bg3 (10. dxe5
$2 dxe5 {/\...Bb4-+} 11. O-O-O Nc5 12. Bxe5 Qb3 $3 13. Qd8+ Rxd8 14. Rxd8+ Kxd8
15. axb3 Nxb3+ 16. Kd1 $17) 10... exd4 11. exd4 Be7 12. O-O O-O 13. Rfe1 Rfe8 {
mit annähernd gleiche Aussichten.}) 10. O-O $16 {Weiss ist viel besser
entwickelt und den Be4 kann leicht vertrieben werden.} e6 11. a3 $5 ({
Logischer erscheinen} 11. Ng5 Bg6 12. f3 {[%cal Gg5h3,Gh3f2,Ge3e4,Gf2g4]}) ({
oder} 11. Rfd1 {aber Weiss will genau den schwarzen a-P nach vorne locken.})
11... a4 {Selbstverständlich, sonst kommt b4, mit weisser Expansion.} 12. Qb4
d5 (12... Qxb4 $5 13. axb4 Be7 14. Nd2 Bg6 15. Ra3 e5 16. Bg3 O-O $11) 13. c5 (
{Oder z.B.} 13. Qxb6 Nxb6 14. Nd2 Bg6 15. c5 Nd7 16. Nf3 f6 17. Bg3 Be7 18. Nh4
Bf7 19. Rab1 g5 20. Nf3 Bg6 21. Rbc1 $14) 13... Qa7 14. Rfc1 Be7 15. Qc3 O-O
16. b4 axb3 17. Qxb3 Rfc8 18. a4 Bd8 19. Ne5 {Führt zu Verflachung.} ({
Interesanter erscheint} 19. Nd2 Bg6 20. Ra2 Ba5 21. Rca1 f6 22. Bg4 $14) 19...
Nxe5 20. Bxe5 Ba5 21. f3 Bg6 22. Ra2 Rd8 23. Kf2 Rd7 $11 24. h4 f6 25. Bd6 Re8
26. Bd3 Bxd3 27. Qxd3 Bc7 1/2-1/2

[Event "Gibraltar Masters 13th"]
[Site "Caleta"]
[Date "2015.02.02"]
[Round "7"]
[White "Iturrizaga Bonelli, Eduardo"]
[Black "Javakhishvili, Lela"]
[Result "1/2-1/2"]
[WhiteElo "2649"]
[BlackElo "2486"]
[Annotator "Meulders,R"]
[PlyCount "67"]
[EventDate "2015.01.27"]
[EventType "swiss"]
[EventRounds "10"]
[EventCountry "GGB"]
[SourceTitle "CBM 165"]
[Source "ChessBase"]
[SourceDate "2015.03.11"]
[SourceVersion "1"]
[SourceVersionDate "2015.03.11"]
[SourceQuality "1"]

1. Nf3 Nf6 2. c4 b6 3. g3 Bb7 4. Bg2 g6 5. d4 Bg7 6. O-O O-O 7. d5 ({The
standard move in this position is} 7. Nc3 {For example} Ne4 8. Nxe4 Bxe4 9. Be3
c5 10. Qd2 d6 11. Bh6 Nd7 12. Rfd1 Nf6 13. Rac1 Qc7 14. b3 cxd4 15. Nxd4 Bxg2
16. Kxg2 Qb7+ 17. f3 Rfc8 18. e4 a6 19. a4 Rc5 20. Bxg7 Kxg7 21. Rc2 Nd7 22.
Rdc1 Kg8 23. h4 Rac8 24. b4 Re5 25. Rb1 Qa8 26. b5 Rec5 27. Nc6 R8xc6 28. bxc6
Qxc6 29. Qb4 h5 30. Qb3 Kg7 31. Kf2 f6 32. Kg2 Ne5 33. Rbc1 Kh7 34. Rc3 Kh8 35.
R3c2 Kg7 36. Rc3 Ra5 37. Ra1 Rc5 {1/2-1/2 (37) Radjabov,T (2788)-Kramnik,V 
(2797) Istanbul 2012}) 7... Ne4 (7... e6 {is an alternative if Black doesn't
want to try and switch to a Dutch position as in the text-game.} 8. Nc3 exd5 9.
cxd5 Re8 10. Re1 c6 11. e4 d6 12. Bf4 cxd5 13. exd5 Rxe1+ 14. Qxe1 Na6 (14...
Nxd5 15. Nxd5 Bxd5 16. Rd1 Bb7 17. Rxd6 Qf8 18. Ng5 Bxg2 19. Kxg2 Na6 20. Rd7
$16) 15. Nd4 Qd7 16. Rd1 Nc7 (16... Re8 17. Qf1 Nc7 18. Qc4 h6 $11) 17. Nc2 Rc8
18. Qe2 Nh5 19. Bg5 Bxc3 $6 (19... h6 20. Bd2 Nxd5 21. Nxd5 Rxc2 22. Qe7 Bc8
23. Bf3 Qxe7 24. Nxe7+ Kf8 25. Nxc8 Rxc8 26. b4 Nf6 27. b5 d5 28. Bb4+ Kg8 29.
Bxd5 Nxd5 30. Rxd5 Rc7 $11) 20. bxc3 Nb5 21. Re1 Nxc3 22. Qd2 Bxd5 (22... f6
23. Bh4) 23. Bxd5 Nxd5 24. Qxd5 Rxc2 25. Re7 Rc1+ 26. Kg2 Qc6 27. Qxc6 Rxc6 28.
Rxa7 Kg7 29. Be3 Nf6 30. Bd4 b5 31. Ra5 Rc4 32. Ba1 Rc1 33. Bb2 Rc5 34. a4 bxa4
35. Rxc5 dxc5 36. f4 a3 37. Ba1 {1-0 (37) Giri,A (2730)-Rodshtein,M (2616)
Eilat 2012}) 8. Qc2 f5 {A Dutch position has arisen with an unusual early
fianchetto of the Bc8. Black is OK.} 9. Nbd2 (9. Bf4 c6 10. Nfd2 Nf6 $6 (10...
cxd5 $1 11. cxd5 Bxd5 12. Nxe4 Bxe4 13. Bxe4 fxe4 14. Qxe4 Bxb2 15. Qxa8 Bxa1
16. Qxa7 Nc6 17. Qa6 $11) 11. Nc3 Nh5 12. Bg5 h6 13. Be3 e5 14. dxe6 dxe6 15.
c5 Nd7 16. Nc4 Nxc5 17. Bxc5 bxc5 18. Na4 $16 Nf6 19. Nxc5 Bc8 20. Ne5 Nd5 21.
Nxg6 Re8 22. Nd3 Rb8 23. Nge5 Rb6 24. Rac1 Ba6 25. Rfd1 Qc7 26. Nc4 Rbb8 27.
Qa4 Bb5 28. Qa5 Qe7 $2 29. a4 Bxc4 30. Rxc4 $18 Rb6 31. Qc5 Qf7 (31... Qxc5)
32. a5 Ra6 33. Qa3 e5 34. Nc5 Bf8 35. b4 e4 (35... Ne3 36. Qxe3 Qxc4 37. Nxa6
Qxa6 38. Qb3+ Kg7 39. Rd7+ Re7 40. Qe6 Rxd7 41. Qxd7+ Kf6 42. Bh3 $18) 36. Nxa6
e3 37. f4 Nf6 38. Rxc6 {1-0 (38) Grischuk,A (2746)-Feller,S (2666)
Khanty-Mansiysk 2011}) 9... Nd6 $1 {The ideal square for a knight: in front of
an enemy pawn.} 10. e4 {This doesn't waste any time but it doesn't pose Black
any problems either. The quiet 10.Rb1 may be preferable.} (10. Rb1 a5 11. b3
Na6 12. a3 e5 13. dxe6 dxe6 14. Bb2 Qe7 15. Ne5 Bxg2 16. Kxg2 $11) 10... c6 $1
{Black doesn't delay attacking the opposing central pawns.} 11. exf5 Nxf5 12.
dxc6 Nxc6 {Keeping a 'nice' pawn structure, so not ...dxc6?} 13. Ne4 Rc8 14.
Bd2 {White has wasted some time in the opening, allowing Black to seize the
initiative. However, Black is focused on a draw only...} d5 $6 {This frees
Black's game at once, but it would have been better to keep the tension.} (
14... Ncd4 $1 15. Nxd4 Nxd4 16. Qa4 (16. Qd3 Ba6 $19) 16... Qc7 $17) 15. cxd5
Ne5 $15 16. Qd1 Bxd5 $6 {Again proving that the only thing Black is after is a
draw - which can be easily achieved. A stronger move is} (16... Nxf3+ 17. Bxf3
Bxb2 $17 {with a clear advantage.}) 17. Nxe5 Bxe5 18. Bc3 $11 Bxc3 19. Nxc3
Bxg2 20. Kxg2 Qxd1 21. Raxd1 Rfd8 22. Rfe1 Kf7 {Neither side has any advantage.
} 23. Kf3 Rxd1 24. Rxd1 Nd6 25. Rd4 h6 26. Rf4+ Kg7 27. Ra4 Rc7 28. Nd5 Rd7 29.
Ne3 Nf5 30. Nxf5+ gxf5 31. Ke3 Rc7 32. Kd3 Kf6 33. Rh4 Kg5 34. Kd2 1/2-1/2

[Event "EU-ch 18th"]
[Site "Minsk"]
[Date "2017.06.03"]
[Round "5"]
[White "Anton Guijarro, David"]
[Black "Bortnyk, Olexandr"]
[Result "1-0"]
[WhiteElo "2660"]
[BlackElo "2567"]
[Annotator "Moradiabadi,E"]
[PlyCount "57"]
[EventDate "2017.05.30"]
[EventType "swiss"]
[EventRounds "11"]
[EventCountry "BLR"]
[SourceTitle "CBM 179"]
[Source "ChessBase"]
[SourceDate "2017.07.12"]
[SourceVersion "1"]
[SourceVersionDate "2017.07.12"]
[SourceQuality "1"]

1. d4 {This game has a great lesson for all of us. Do not go for material if
your opponent is in a Romantic mood! In a match between two young and strong
GMs it was the Spaniard who rolled over his Ukrainian colleague.} Nf6 2. c4 b6
3. f3 Bb7 4. e4 e6 5. Nc3 Bb4 {This is already a risky line. White has scored
more than 65% in it.} 6. Bd3 O-O 7. Nge2 d5 8. cxd5 exd5 9. e5 Nfd7 10. a3 Be7
11. Qc2 $146 h6 12. Nf4 $6 (12. O-O c5 13. f4 {would have been the way I would
have tried to handle this game. It seems that Anton Guijaro only wants blood!})
12... Bg5 13. O-O c5 14. Nfe2 $6 {Change of plan or change of heart?!} cxd4 15.
f4 $5 {Change of plan! Not heart!} dxc3 16. fxg5 cxb2 17. Bxb2 {The position
is extremely volatile. White has two strong bishops and a huge lead in
development. Pawns really don't count when the smell of checkmate is in the
air!} Qxg5 18. Nf4 (18. e6 fxe6 19. Qc7 {looks very dangerous} Ba6 20. Rxf8+
Nxf8 21. Bxa6 Nxa6 22. Qb7 Rd8 23. Qxa6 e5 24. Rf1 Ne6 {with a very unbalanced
position where White should have the upper hand.}) (18. Rf3 Rc8 19. Qd1 Nxe5
20. Rg3 Qh5 21. Qf1 Nbd7 {also looks very dangerous but I cannot see any
concrete path for White while one should start counting pawns: Black is up
three of them!}) 18... Qe7 $4 {Hard to understand. Black could not really go
back after spending so much time taking the material. Black should have taken
on e5! When you do not see anything don't be afraid of ghosts!} (18... Nxe5 19.
h4 Qe7 20. Rae1 Nbc6 {and I do not see anything concrete for White. Black
should be fine or even winning here.}) 19. Bh7+ Kh8 20. e6 $1 {Now White is
all over Black!} Rc8 21. Qf5 Nf6 22. exf7 Qxf7 23. Bxf6 gxf6 (23... Qxf6 24.
Ng6+ Kxh7 25. Nf8+ Kg8 26. Qh7+ Kxf8 27. Rxf6+ gxf6 28. Re1 {and mate is
inevitable.}) 24. Ng6+ {The rest is simple.} Kg7 25. Ne5 {just too many pieces.
} Qe8 26. Rae1 Nc6 27. Qxf6+ Kxh7 28. Nxc6 Rxc6 29. Re7+ {White's 'Blitzkrieg'
paid off and Black lost due to colossal material losses.} 1-0

[Event "USA-ch G2"]
[Site "Chandler"]
[Date "1997.08.27"]
[Round "4"]
[White "Kaidanov, Gregory S"]
[Black "Gurevich, Dmitry"]
[Result "1-0"]
[WhiteElo "2600"]
[BlackElo "2575"]
[Annotator "Petursson,M"]
[PlyCount "39"]
[EventDate "1997.08.23"]
[EventType "tourn"]
[EventRounds "7"]
[EventCountry "USA"]
[EventCategory "13"]
[SourceTitle "CBM 061"]
[Source "ChessBase"]
[SourceDate "1997.11.23"]
[SourceVersion "1"]
[SourceVersionDate "1997.11.23"]
[SourceQuality "1"]

1. d4 Nf6 2. c4 a6 3. Nc3 c5 4. dxc5 (4. e3 g6 5. Nf3 Bg7 6. Be2 O-O 7. O-O
cxd4 8. exd4 {1/2-1/2 Finegold,B-Lazic,M/Dortmund-B 1990/CBM 18} (8. exd4 d5 9.
cxd5 b5 10. Qb3 Nbd7 11. Ne5 Nb6 12. Bf3 Bb7 13. d6 Bxf3 14. dxe7 Qxe7 15. Nxf3
b4 16. Re1 Qd6 17. Ne4 Nxe4 18. Rxe4 Nd5 19. Bd2 a5 20. Rc1 Rfd8 21. Ne5 Bxe5
22. Rxe5 Kg7 23. Qf3 f6 24. Ree1 Rac8 25. h3 Kf7 {1/2-1/2 Nisman,B-Gurevich,G/
ISR-chT 1997/EXP 58})) 4... e6 5. e4 Qc7 (5... Qa5 6. Qa4 Qxc5 7. Be3 Qc6 8. f3
d6 9. Rd1 Nbd7 10. Nb5 Rb8 11. Nxd6+ Bxd6 12. Qxc6 Bb4+ 13. Kf2 bxc6 14. a3 Bc5
15. Bxc5 Rxb2+ 16. Ne2 Nxc5 {0-1 Ristic,N-Petronic,J/JUG-chT Igalo 1994/EXT
94ch}) 6. b4 Nxe4 $2 7. Nxe4 Qe5 8. Be3 Qxe4 9. Nf3 b6 10. Bd3 {White is
already too far ahead in development.} Qb7 11. Ng5 bxc5 12. bxc5 f5 13. O-O Qc6
14. Bd4 Bb7 15. Qh5+ g6 16. Qh3 Rg8 {[%tqu "En","Can you find a move that wins
immediatly?","If you could play Qxh7 he could resign.   But you can't because
then you would be mated on g2!  So how can you eliminate his mating threat
without losing time?","Close the diagonal with your bishop!","d3e4","",14]} 17.
Be4 $1 $18 fxe4 18. Qxh7 Rg7 (18... e3 19. f3 e2 20. Rf2 Qa4 21. Qf7+ Kd8 22.
Bf6+ Kc7 23. Nxe6+ Kc6 24. Rxe2 $18) 19. Bxg7 Qxc5 20. Bf6 1-0